1612 1895 1804 1309 1434 1661 1120 1016 1251 1897 1749 1145 1916 1203 1374 1440 1817 1911 1773 1461 1294 1949 1182 1505 1788 1552 1450 1149 1602 1549 1161 1963 1324 1599 1092 1303 1182 1803 1217 1800 1709 1540 1049 1524 1042 1627 1061 1182 1462 1483 1842 1942 1037 1389 1051 1258 1540 1919 1488 1239 1516 1734 1455 1964 1698 1471 1232 1564 1156 1523 1141 1968 1580 1270 1329 1597 1376 1423 1247 1748 1833 1485 1631 1334 1001 1994 1639 1824 1848 1285 1604 1022 1213 1811 1833 1405 1777 1731 1939 BCNSPRNW ULIB Ver.6.0+V

เปลี่ยนเป็นภาษาไทย

Change to English
 แสดงรายละเอียดบรรณานุกรม
  กลับหน้าหลัก

Brief Record : Get Marc (ISO 2709) : E-mail record : QR code < ปิดหน้าต่าง
LEADER : 00000nam 2200000uu 4500
001    13399128452
003     ULIB
008    230829s2565||||th 000 0 tha d
020    ^a9786164077850
060    ^aWC100^bส869ร
100    ^aสุวพร อนุกูลเรืองกิตติ์, วรรษมน จันทรเบญจกุล, ธันยวีร์ ภูธนกิจ และชิษณุ พันธุ์เจริญ
245    ^aโรคติดเชื้อในเด็ก การวินิจฉัยทางจุลชีววิทยา ยาต้านจุลชีพ และการป้องกัน = Pediatric Infectious Diseases : Diagnostic Microbiology, Antimicrobial Agents and Preventive Measures/^cสุวพร อนุกูลเรืองกิตติ์, วรรษมน จันทรเบญจกุล, ธันยวีร์ ภูธนกิจ และชิษณุ พันธุ์เจริญ
250    ^aพิมพ์ครั้งที่ 1
260    ^aกรุงเทพฯ :^bสาขาวิชาโรคติดเชื้อ ภาควิชากุมารเวชศาสตร์ คณะแพทยศาสตร์ และศูนย์เชี่ยวชาญเฉพาะทางด้านวิจัยโรคติดเชื้อเด็กและวัคซีน จุฬาลงกรณ์มหาวิทยาลัย,^c2565
300    ^a480 หน้า;^b26 ซม.
650    ^aโรคติดเชื้อ
945    ^p350^l0^i29656
945    ^p350^l0^i29657
945    ^p350^l0^i29658
999    ^aกัณชพร จุลอักษร
รายการนี้ยังไม่มีแท็ก
คุณยังไม่ได้ล็อกอิน คุณสามารถมีกิจกรรมร่วมกับเว็บไซต์ได้ แต่ต้องล็อกอินก่อน ::
  ล็อกอิน

รายการสื่อสารสนเทศ

ลำดับที่ ประเภท เลขเรียก/บาร์โค้ด สถานที่ สถานะ
1. วิทยาศาสตร์การแพทย์ และสุขภาพ
วิทยาศาสตร์การแพทย์ และสุขภาพ
WC100 ส869ร ฉ.1 
  Barcode: 29656
ห้องสมุดวิทยาเขตนครสวรรค์
►หนังสือทั่วไป:l:General Books
บนชั้น
2. วิทยาศาสตร์การแพทย์ และสุขภาพ
วิทยาศาสตร์การแพทย์ และสุขภาพ
WC100 ส869ร ฉ.2 
  Barcode: 29657
ห้องสมุดวิทยาเขตนครสวรรค์
►หนังสือทั่วไป:l:General Books
บนชั้น
3. วิทยาศาสตร์การแพทย์ และสุขภาพ
วิทยาศาสตร์การแพทย์ และสุขภาพ
WC100 ส869ร ฉ.3 
  Barcode: 29658
ห้องสมุดวิทยาเขตนครสวรรค์
►หนังสือทั่วไป:l:General Books
บนชั้น

รายการใกล้เคียง
    ผู้แต่ง [สุวพร อนุกูลเรืองกิตติ์, วรรษมน จันทรเบญจกุล, ธันยวีร์ ภูธนกิจ และชิษณุ พันธุ์เจริญ]

    หัวเรื่อง [โรคติดเชื้อ]

BibComment


ยังไม่เคยถูกคอมเมนท์

คอมเมนท์ทรัพยากรรายการนี้
  คอมเมนท์: โรคติดเชื้อในเด็..


 Copyright 2026. Bcnsprnw @Library